LEADER 01378nam 2200361 n 450 001 996394770703316 005 20200824121726.0 035 $a(CKB)4940000000121623 035 $a(EEBO)2240889744 035 $a(UnM)99853552e 035 $a(UnM)99853552 035 $a(EXLCZ)994940000000121623 100 $a19920619d1637 uy | 101 0 $alat 135 $aurbn||||a|bb| 200 00$aReverendi Patris Emanuelis Thesauri e Societate Iesu, Cęsares$b[electronic resource] $eet ejusdem varia carmina: quibus accesserunt nobilissimorum orientis & occidentis pontificum elogia, & varia opera poe?tica 205 $aEditio secunda emendatior, cum auctariolo. 210 $aOxonii $cExcudebat L. Lichfield impensis Gulielmi Webb bibliopolę$dM.DC.XXXVII. [1637] 215 $a[8], 151, [1] p 300 $aIn verse. 300 $aAnother state of the 12? edition, completely reimposed for 8?. 300 $aThe first leaf is blank. 300 $aReproduction of the original in the Henry E. Huntington Library and Art Gallery. 330 $aeebo-0113 700 $aTesauro$b Emanuele$cconte,$f1592-1675.$0154551 801 0$bCu-RivES 801 1$bCu-RivES 801 2$bCStRLIN 801 2$bWaOLN 906 $aBOOK 912 $a996394770703316 996 $aReverendi Patris Emanuelis Thesauri e Societate Iesu, Cęsares$92391548 997 $aUNISA